Minecraft Crafting Quiz #1 - Statistics

General Stats
  • This quiz has been taken 393 times
  • The average score is 12 of 15
Answer Stats
Hint Answer % Correct
2 sticks underneath 3 diamonds Diamond Pickaxe
97%
9 iron ingots Iron Block
92%
5 gunpowder and 4 sand TNT
89%
4 oak wood planks Crafting table
88%
6 planks and 3 books Bookshelf
87%
3 sugar canes Paper
87%
3 iron blocks above 4 iron ingots Anvil
86%
1 stick underneath 2 cobblestone Stone sword
85%
4 pieces of glowstone dust Glowstone
84%
9 pieces of string Wool
81%
Furnace surrounded by wood Smoker
79%
1 stick and 6 planks Sign
76%
8 oak log surrounding 1 diamond Jukebox
75%
8 planks surrounding redstone dust Note Block
57%
8 pieces of gold Golden Chestplate
51%
No matching quizzes found
Score Distribution
Percent of People with Each Score
Percentile by Number Answered
Your Score History
You have not taken this quiz